[Event "V4Liptov2018"]
[Site "?"]
[Date "2018.06.26"]
[Round "7.26"]
[White "Volaninova, Sarka"]
[Black "Havel, Kristian"]
[Result "1/2-1/2"]
[BlackElo "1522"]
[WhiteElo "1680"]
[LiveChessVersion "1.4.8"]

1. e4 {[%clk 1:00:58]} c5 {[%clk 1:00:58]} 2. Nf3 {[%clk 1:01:20]} Nc6
{[%clk 1:01:22]} 3. c4 {[%clk 1:01:32]} d6 {[%clk 1:01:33]} 4. d4
{[%clk 1:01:22]} cxd4 {[%clk 1:01:54]} 5. Nxd4 {[%clk 1:01:45]} g6
{[%clk 1:02:16]} 6. Be2 {[%clk 1:01:06]} Bg7 {[%clk 1:02:37]} 7. Be3
{[%clk 1:01:27]} Nf6 {[%clk 1:02:50]} 8. Nc3 {[%clk 1:01:44]} O-O
{[%clk 1:01:20]} 9. O-O {[%clk 1:01:51]} Bd7 {[%clk 0:59:38]} 10. f3
{[%clk 0:54:28]} Rc8 {[%clk 0:59:40]} 11. Qd2 {[%clk 0:54:22]} Ne5
{[%clk 0:56:18]} 12. b3 {[%clk 0:52:43]} Qa5 {[%clk 0:56:13]} 13. Nd5
{[%clk 0:50:18]} Qd8 {[%clk 0:56:19]} 14. Rac1 {[%clk 0:48:00]} Bc6
{[%clk 0:50:53]} 15. Rfe1 {[%clk 0:42:26]} Bxd5 {[%clk 0:44:21]} 16. exd5
{[%clk 0:38:57]} Re8 {[%clk 0:38:37]} 17. Bf1 {[%clk 0:35:13]} a6
{[%clk 0:31:16]} 18. Qf2 {[%clk 0:30:34]} Ned7 {[%clk 0:27:09]} 19. Qh4
{[%clk 0:26:14]} Nf8 {[%clk 0:22:28]} 20. Bd3 {[%clk 0:23:00]} e5
{[%clk 0:21:24]} 21. dxe6 {[%clk 0:22:22]} fxe6 {[%clk 0:21:29]} 22. Qf2
{[%clk 0:19:14]} e5 {[%clk 0:20:46]} 23. Ne2 {[%clk 0:17:31]} N8d7
{[%clk 0:19:05]} 24. Ng3 {[%clk 0:17:26]} Nc5 {[%clk 0:17:45]} 25. Bb1
{[%clk 0:14:38]} Rf8 26. Qd2 {[%clk 0:12:34]} Qe7 {[%clk 0:14:10]} 27. Rcd1
{[%clk 0:10:40]} Rcd8 {[%clk 0:12:22]} 28. Qe2 {[%clk 0:09:39]} Rfe8
{[%clk 0:11:21]} 29. Bc2 {[%clk 0:08:55]} Kf8 {[%clk 0:09:05]} 30. Rd2
{[%clk 0:07:48]} e4 {[%clk 0:07:56]} 31. Bxc5 {[%clk 0:03:44]} dxc5
{[%clk 0:08:09]} 32. Rxd8 {[%clk 0:03:56]} Qxd8 {[%clk 0:08:02]} 33. Nxe4
{[%clk 0:00:54]} Nxe4 {[%clk 0:08:15]} 34. Bxe4 {[%clk 0:01:18]} Bd4+
{[%clk 0:08:15]} 35. Kf1 {[%clk 0:01:12]} Qc7 {[%clk 0:08:18]} 36. g3
{[%clk 0:01:09]} b6 {[%clk 0:07:39]} 37. Qd2 {[%clk 0:01:20]} Kg7
{[%clk 0:07:29]} 38. Bd5 {[%clk 0:01:08]} Rxe1+ {[%clk 0:07:47]} 39. Qxe1
{[%clk 0:01:33]} Qe5 {[%clk 0:08:02]} 40. Qxe5+ {[%clk 0:01:40]} Bxe5
{[%clk 0:08:23]} 41. Ke2 {[%clk 0:01:52]} Kf6 {[%clk 0:08:39]} 42. Kd3
{[%clk 0:01:45]} g5 {[%clk 0:08:26]} 43. Ke4 {[%clk 0:01:42]} h6 {[%clk 0:07:38]}
44. f4 {[%clk 0:01:08]} gxf4 {[%clk 0:07:49]} 45. gxf4 {[%clk 0:01:34]} Bc7
{[%clk 0:06:39]} 46. h3 {[%clk 0:01:13]} Bd8 {[%clk 0:06:07]} 47. Bc6
{[%clk 0:00:57]} Ke6 {[%clk 0:04:14]} 48. Bd5+ {[%clk 0:00:46]} Kf6
{[%clk 0:04:27]} 49. Bb7 {[%clk 0:01:00]} a5 {[%clk 0:04:17]} 50. Bc8
{[%clk 0:01:24]} Bc7 {[%clk 0:02:28]} 51. f5 {[%clk 0:00:37]} Bd8
{[%clk 0:00:37]} 52. Kd5 {[%clk 0:00:43]} Ke7 {[%clk 0:00:41]} 53. Be6
{[%clk 0:00:40]} h5 {[%clk 0:00:34]} 54. Kc6 {[%clk 0:00:42]} h4 {[%clk 0:00:46]}
55. Kd5 {[%clk 0:00:44]} Bc7 {[%clk 0:00:58]} 56. Kc6 {[%clk 0:00:42]} Bd8
{[%clk 0:01:22]} 57. Kd5 {[%clk 0:00:39]} 1/2-1/2

[Event "V4Liptov2018"]
[Site "?"]
[Date "2018.06.26"]
[Round "7.27"]
[White "Gemsova, Tereza"]
[Black "Cipl, Jan"]
[Result "1/2-1/2"]
[BlackElo "1481"]
[WhiteElo "1578"]
[LiveChessVersion "1.4.8"]

1. e4 {[%clk 1:00:59]} e5 {[%clk 1:00:38]} 2. Nf3 {[%clk 1:01:14]} Nc6
{[%clk 1:00:24]} 3. Bc4 {[%clk 1:01:13]} Bc5 {[%clk 1:00:16]} 4. c3
{[%clk 1:01:30]} Nf6 {[%clk 0:59:28]} 5. d3 {[%clk 1:01:51]} d5 {[%clk 0:52:17]}
6. exd5 {[%clk 1:00:50]} Nxd5 {[%clk 0:52:31]} 7. O-O {[%clk 1:00:28]} O-O
{[%clk 0:52:26]} 8. Re1 {[%clk 0:59:34]} Re8 {[%clk 0:51:54]} 9. Bxd5
{[%clk 0:56:14]} Qxd5 {[%clk 0:51:43]} 10. d4 {[%clk 0:56:18]} Bd6
{[%clk 0:50:59]} 11. Nxe5 {[%clk 0:45:02]} Nxe5 {[%clk 0:46:49]} 12. dxe5
{[%clk 0:42:34]} Qxd1 {[%clk 0:46:46]} 13. Rxd1 {[%clk 0:42:48]} Bxe5
{[%clk 0:46:29]} 14. Be3 {[%clk 0:41:07]} Be6 {[%clk 0:44:18]} 15. Nd2
{[%clk 0:40:39]} Rad8 {[%clk 0:43:44]} 16. Nf3 {[%clk 0:40:07]} Rxd1+
{[%clk 0:42:28]} 17. Rxd1 {[%clk 0:40:25]} Bg4 {[%clk 0:42:52]} 18. h3
{[%clk 0:37:19]} Bxf3 {[%clk 0:42:22]} 19. gxf3 {[%clk 0:37:37]} Kf8
{[%clk 0:42:40]} 20. f4 {[%clk 0:33:57]} Bd6 {[%clk 0:41:52]} 21. c4
{[%clk 0:28:30]} b6 {[%clk 0:38:38]} 22. Rd4 {[%clk 0:26:15]} 1/2-1/2

[Event "V4Liptov2018"]
[Site "?"]
[Date "2018.06.26"]
[Round "7.28"]
[White "Cizek, Jan"]
[Black "Andel, Vit"]
[Result "1/2-1/2"]
[BlackElo "1520"]
[WhiteElo "1400"]
[LiveChessVersion "1.4.8"]

1. d4 {[%clk 1:00:57]} d5 {[%clk 0:59:03]} 2. c4 {[%clk 1:01:18]} c6
{[%clk 0:59:16]} 3. Nc3 {[%clk 1:00:38]} e6 {[%clk 0:59:35]} 4. Nf3
{[%clk 1:00:11]} Bb4 {[%clk 0:59:28]} 5. a3 {[%clk 0:59:52]} Bxc3+
{[%clk 0:59:15]} 6. bxc3 {[%clk 1:00:14]} h6 {[%clk 0:59:34]} 7. e3
{[%clk 0:57:37]} Nf6 {[%clk 0:59:55]} 8. Bd3 {[%clk 0:55:25]} O-O
{[%clk 0:58:44]} 9. O-O {[%clk 0:54:40]} b6 {[%clk 0:56:28]} 10. a4
{[%clk 0:53:29]} Nbd7 {[%clk 0:54:29]} 11. Ba3 {[%clk 0:51:34]} Re8
{[%clk 0:48:15]} 12. cxd5 {[%clk 0:48:29]} cxd5 {[%clk 0:47:43]} 13. c4
{[%clk 0:47:16]} dxc4 {[%clk 0:44:52]} 14. Bxc4 {[%clk 0:47:02]} Bb7
{[%clk 0:45:06]} 15. Qe2 {[%clk 0:45:15]} Ne4 {[%clk 0:41:18]} 16. Rac1
{[%clk 0:42:36]} Rc8 {[%clk 0:36:55]} 17. Rc2 {[%clk 0:39:56]} 1/2-1/2

[Event "V4Liptov2018"]
[Site "?"]
[Date "2018.06.26"]
[Round "7.29"]
[White "Vancura, Jakub"]
[Black "Sankova, Stella"]
[Result "0-1"]
[BlackElo "2102"]
[WhiteElo "1737"]
[LiveChessVersion "1.4.8"]

1. d4 {[%clk 1:00:58]} Nf6 {[%clk 0:58:34]} 2. c4 {[%clk 1:01:24]} e6
{[%clk 0:59:00]} 3. Nf3 {[%clk 1:01:48]} d5 {[%clk 0:58:28]} 4. Nc3
{[%clk 1:02:10]} Bb4 {[%clk 0:58:53]} 5. Bg5 {[%clk 1:02:16]} h6 {[%clk 0:58:49]}
6. Bf4 {[%clk 1:00:00]} O-O {[%clk 0:56:01]} 7. e3 {[%clk 1:00:11]} a6
{[%clk 0:53:27]} 8. a3 {[%clk 0:58:38]} Be7 {[%clk 0:53:44]} 9. cxd5
{[%clk 0:57:41]} exd5 {[%clk 0:53:23]} 10. Bd3 {[%clk 0:57:47]} c6
{[%clk 0:51:01]} 11. h3 {[%clk 0:56:50]} Re8 {[%clk 0:51:11]} 12. O-O
{[%clk 0:56:58]} Bd6 {[%clk 0:48:55]} 13. Bxd6 {[%clk 0:55:26]} Qxd6
{[%clk 0:49:21]} 14. Ne5 {[%clk 0:52:21]} Nbd7 {[%clk 0:47:36]} 15. f4
{[%clk 0:48:20]} c5 {[%clk 0:47:37]} 16. Qc2 {[%clk 0:43:17]} b5 {[%clk 0:46:14]}
17. Rac1 {[%clk 0:38:55]} Qb6 {[%clk 0:41:25]} 18. Ne2 {[%clk 0:34:55]} cxd4
{[%clk 0:38:25]} 19. exd4 {[%clk 0:34:20]} Nxe5 {[%clk 0:38:18]} 20. fxe5
{[%clk 0:34:17]} Rxe5 {[%clk 0:38:30]} 21. Kh1 {[%clk 0:27:32]} Re8
{[%clk 0:38:15]} 22. Qc5 {[%clk 0:24:27]} Rb8 {[%clk 0:37:02]} 23. Nf4
{[%clk 0:22:27]} Be6 {[%clk 0:36:18]} 24. Rc2 {[%clk 0:20:04]} Nd7
{[%clk 0:30:13]} 25. Qxb6 {[%clk 0:17:13]} Rxb6 {[%clk 0:26:48]} 26. Rfc1
{[%clk 0:16:34]} g5 {[%clk 0:25:29]} 27. Nh5 {[%clk 0:14:37]} Kf8
{[%clk 0:24:30]} 28. Rc6 {[%clk 0:14:01]} Reb8 {[%clk 0:23:41]} 29. Kg1
{[%clk 0:10:52]} Rxc6 {[%clk 0:22:30]} 30. Rxc6 {[%clk 0:11:17]} Rb6
{[%clk 0:22:57]} 31. Rc8+ {[%clk 0:11:03]} Ke7 {[%clk 0:23:20]} 32. Ng7
{[%clk 0:09:44]} Rb8 {[%clk 0:17:46]} 33. Rc6 {[%clk 0:08:08]} Rb6
{[%clk 0:17:04]} 34. Rc8 {[%clk 0:08:32]} Nf6 {[%clk 0:13:35]} 35. Nf5+
{[%clk 0:05:38]} Bxf5 {[%clk 0:13:14]} 36. Bxf5 {[%clk 0:06:01]} Ne4
{[%clk 0:11:13]} 37. g4 {[%clk 0:03:59]} Nd6 {[%clk 0:09:38]} 38. Rc7+
{[%clk 0:03:57]} Kf6 {[%clk 0:09:58]} 39. Rc2 {[%clk 0:02:44]} Nc4
{[%clk 0:07:41]} 40. Re2 {[%clk 0:02:03]} Rc6 {[%clk 0:07:15]} 41. Rf2
{[%clk 0:01:55]} Kg7 {[%clk 0:07:02]} 42. Bd7 {[%clk 0:01:56]} Rc7
{[%clk 0:07:10]} 43. Bf5 {[%clk 0:02:00]} Re7 {[%clk 0:07:02]} 44. Kf1
{[%clk 0:02:02]} Re3 {[%clk 0:06:50]} 45. Kg2 {[%clk 0:02:13]} Rb3
{[%clk 0:05:36]} 46. Bc8 {[%clk 0:02:27]} a5 {[%clk 0:04:43]} 47. Bb7
{[%clk 0:02:32]} Rd3 {[%clk 0:04:27]} 48. Bc6 {[%clk 0:02:19]} b4
{[%clk 0:04:23]} 49. axb4 {[%clk 0:02:09]} axb4 {[%clk 0:04:48]} 50. Kh2
{[%clk 0:02:26]} Rxd4 {[%clk 0:04:53]} 51. Be8 {[%clk 0:02:45]} Rd2
{[%clk 0:03:49]} 0-1

[Event "V4Liptov2018"]
[Site "?"]
[Date "2018.06.26"]
[Round "7.30"]
[White "Bielik, Jakub"]
[Black "Oplustil, Pavel"]
[Result "1-0"]
[BlackElo "1328"]
[WhiteElo "1975"]
[LiveChessVersion "1.4.8"]

1. e4 {[%clk 1:00:57]} d5 {[%clk 1:00:34]} 2. exd5 {[%clk 1:01:13]} Nf6
{[%clk 1:00:42]} 3. d4 {[%clk 1:00:45]} Nxd5 {[%clk 1:00:38]} 4. Nf3
{[%clk 1:00:25]} g6 {[%clk 1:00:01]} 5. c4 {[%clk 1:00:16]} Nb6 {[%clk 1:00:22]}
6. Be3 {[%clk 0:59:37]} Bg7 {[%clk 1:00:32]} 7. Be2 {[%clk 0:59:27]} Bg4
{[%clk 0:59:56]} 8. h3 {[%clk 0:55:08]} Bxf3 {[%clk 0:59:51]} 9. Bxf3
{[%clk 0:55:32]} Nc6 {[%clk 1:00:11]} 10. Bxc6+ {[%clk 0:54:03]} bxc6
{[%clk 1:00:28]} 11. c5 {[%clk 0:50:41]} Nd5 {[%clk 1:00:15]} 12. O-O
{[%clk 0:50:01]} O-O {[%clk 0:58:21]} 13. Qa4 {[%clk 0:45:32]} Nxe3
{[%clk 0:56:35]} 14. fxe3 {[%clk 0:45:55]} Qd5 15. Nc3 {[%clk 0:44:21]} Qg5
{[%clk 0:55:40]} 16. Rae1 {[%clk 0:42:17]} e5 {[%clk 0:53:41]} 17. Qxc6
{[%clk 0:33:33]} exd4 {[%clk 0:53:47]} 18. Ne4 {[%clk 0:33:54]} Qh4
{[%clk 0:49:18]} 19. Nf6+ {[%clk 0:31:10]} Kh8 {[%clk 0:47:26]} 20. e4
{[%clk 0:27:35]} d3 {[%clk 0:43:48]} 21. Rd1 {[%clk 0:26:26]} Rad8
{[%clk 0:43:14]} 22. b3 {[%clk 0:20:25]} d2 23. Nd7 {[%clk 0:17:58]} Rfe8
{[%clk 0:26:38]} 24. Rxd2 {[%clk 0:17:10]} Qg3 {[%clk 0:25:19]} 25. Rdd1
{[%clk 0:11:05]} Qe3+ {[%clk 0:25:19]} 26. Kh1 {[%clk 0:11:27]} Rxe4
{[%clk 0:23:30]} 27. Qxc7 {[%clk 0:09:33]} Rde8 {[%clk 0:22:15]} 28. c6
{[%clk 0:07:34]} R4e7 {[%clk 0:22:36]} 29. Qf4 {[%clk 0:06:34]} Qc3
{[%clk 0:22:12]} 30. Rc1 {[%clk 0:05:46]} Qd3 {[%clk 0:20:24]} 31. Nf6
{[%clk 0:05:29]} Rc8 {[%clk 0:19:30]} 32. Rfd1 {[%clk 0:03:50]} Qa6
{[%clk 0:18:57]} 33. Qh4 {[%clk 0:02:37]} h5 {[%clk 0:18:57]} 34. Nxh5
{[%clk 0:02:29]} gxh5 {[%clk 0:16:46]} 35. Qxe7 {[%clk 0:02:52]} Rxc6
{[%clk 0:17:02]} 36. Qe8+ {[%clk 0:03:16]} Kh7 {[%clk 0:17:19]} 37. Qxc6
{[%clk 0:03:38]} 1-0